Movies Quiz

Random Movies or Role Quiz

Click Me Five: Actors by Role II Quiz Stats

 Plays Quiz Updated Dec 13, 2016

Support Sporcle.
Go Orange.
Score 0/55 Timer 08:00
0 Plays Today
% Correct
Gravity
91.9%
Brokeback Mountain
89.5%
Armageddon
88.6%
Interstellar
86.4%
Mean Girls
86.1%
Ferris Bueller's Day Off
85.8%
Apollo 13
83.8%
The Breakfast Club
83.4%
Toy Story
82.3%
The Shining
81.8%
Pulp Fiction
81.3%
The Green Mile
79.3%
Scarface
79.1%
Con Air
78.1%
Cleopatra
77.9%
Capote
77.7%
American Hustle
77.5%
The King and I
77.3%
LotR: Return of the King
76.3%
Birdman
76.3%
No Country for Old Men
75.6%
Carrie
75.5%
Elizabeth
75.3%
Cowboys & Aliens
75.2%
Lost in Translation
73.4%
Cool Hand Luke
72.8%
Misery
72.5%
American Gangster
72%
% Correct
2001: A Space Odyssey
71.3%
The Man in the Iron Mask
70.7%
The Queen
70.2%
Napoleon Dynamite
69.6%
Léon: The Professional
68.1%
Stagecoach
67.6%
Pineapple Express
67%
Grosse Pointe Blank
62.4%
In Bruges
58.7%
Life is Beautiful
57.7%
Donnie Brasco
57.2%
Finding Forrester
55.3%
The Artist
54.6%
Monty Python and the Holy Grail
54.1%
Shakespeare in Love
53.2%
All About Eve
52.4%
Sunset Boulevard
52.4%
Sicario
52.1%
Mississippi Burning
51.5%
New Jack City
48.8%
300
43.1%
Wonder Boys
41.4%
Public Enemies
39.8%
Murder in the First
37%
King of New York
35.6%
The Other Boleyn Girl
35%
The Big Lebowski
33.6%

From the Vault

Half a Million US Cities

by hscer

Remember the extra zero!
Remove Ads.
Support Sporcle.
Get the best of Sporcle when you Go Orange. This ad-free experience offers more features, more stats, and more fun while also helping to support Sporcle. Thank you for becoming a member.

Show Comments

Extras

Top Quizzes Today


Score Distribution

Your Account Isn't Verified!

In order to create a playlist on Sporcle, you need to verify the email address you used during registration. Go to your Sporcle Settings to finish the process.

Report this User

Report this user for behavior that violates our Community Guidelines.

Details: